000 00216nam a22000857a 4500
100 _aAnsamma George
245 _aIdavela kootti venalkaalathum tappucheyyam
260 _bRubber, 681(February): 26-28.
_c2023
942 _cJS
999 _c74982
_d74982